Statistics for Countries With 'W' in the name.

Click here to take the quiz!

General Stats

  • This quiz has been taken 40 times
  • The average score is 8 of 11

Answer Stats

Country % Correct
Sweden
97%
Eswatini
89%
Switzerland
89%
Rwanda
79%
Botswana
74%
New Zealand
71%
Malawi
68%
Norway
68%
Zimbabwe
61%
Kuwait
55%
Papua New Guinea
55%

Score Distribution

Percentile by Number Answered

Percent of People with Each Score

Your Score History

You have not taken this quiz